| 000 | 04451 a2200457 4500 | ||
|---|---|---|---|
| 005 | 20090505111354.0 | ||
| 008 | 090505t xxu||||| |||| 00| 0 eng d | ||
| 010 | _aENG-89245 B-309718-731 | ||
| 020 |
_a8187671688 _c250.00 |
||
| 020 |
_a9798187671687 _c250.00 |
||
| 035 | _aEN-72778 | ||
| 035 | _aB-309718-731 | ||
| 037 | _bDBAD / PUB | ||
| 037 | _bWestland Limited | ||
| 040 |
_adpl _bEnglish |
||
| 082 | _a616.831 | ||
| 100 | _aFeinberg, Todd E. | ||
| 245 |
_aWhat to do when the doctor says it's early-stage Alzheimer's : _cby Todd E. Feinberg [and] Winnie Yu _ball the medical, lifestyle and alternative medicine information you need to stay healthy and prevent progression / |
||
| 260 |
_aChennai _bWestland Books _c2006 |
||
| 270 |
_a 571, Poonamallee High Road, Kamaraj Bhavan, Aminjikarai, _bChennai _cTamil Nadu _e600 020 |
||
| 300 |
_a282p. _c22cm. (pbk) |
||
| 500 | _aIncludes bibliographical references and index | ||
| 700 | _aYu, Winnie | ||
| 942 |
_adpl _cEN _k616.831 / FEI _2ddc _h616.831 _mFEI |
||
| 999 |
_c10337 _d10337 |
||